Namiesto metodickej príručky. : (Hudobná výchova pre 1. ročník OŠ). /

Uložené v:
Podrobná bibliografia
Hlavní autori: Žikavská, Mária (Author), Ružičková, Terézia (Author)
Médium: Kniha
Jazyk:Slovak
Vydané: Bratislava : Metodické centrum mesta Bratislavy, 1999
Vydanie:1. vyd.
Témy:
ISBN: 8071642355 (brož.)
Fyzický popis: 73, xix s.
Tagy: Pridať tag
Žiadne tagy, Buďte prvý kto otaguje tento záznam!

MARC

LEADER 00000nam a2200000 a 4500
001 000042657
003 SVKK
005 20000112000000.0
008 991125s1999 xo e sloo
020 |a 8071642355 (brož.) 
040 |a SVKKK  |b slo  |c SVKKK  |e AACR2 
041 0 |a slo 
044 |a xo  |c SK 
080 |a 372.878(035)  |2 1997 
080 |a 78(035)  |2 1997 
100 1 |a Žikavská, Mária  |4 aut 
245 1 0 |a Namiesto metodickej príručky. :  |b (Hudobná výchova pre 1. ročník OŠ). /  |c Mária Žikavská, Terézia Ružičková 
250 |a 1. vyd. 
260 |a Bratislava :  |b Metodické centrum mesta Bratislavy,  |c 1999 
300 |a 73, xix s. 
653 0 |a výchova hudobná  |2 SVKKKPH 
653 0 |a príručky metodické  |2 SVKKKPH 
655 7 |a príručky  |2 SVKKKPH 
700 1 |a Ružičková, Terézia  |4 aut 
910 |a svkkk 
919 |a 80-7164-235-5 
974 |a UH  |d 19991210 
974 |a KL  |d 19991207 
974 |a MI  |d 20000112 
998 |a BK 
090 |g SCKHL  |k Sklad Pribinova 3. posch.  |a V.204503  |j 929365  |i 2720172516  |s Absenčne